000 00395nam a22001697a 4500
003 OSt
008 240422b |||||||| |||| 00| 0 eng d
020 _a9789395161817
082 _a658.5 KUP
100 _aANILKUMAR,S
245 _aProuduction and Operations Management
250 _a3rd Ed
260 _aNew Delhi
_bNew Age
_c2024
300 _a280
700 _aSURESH,N
942 _2ddc
_cBK
999 _c12537
_d12537